000 00583nam a2200229 a 4500
001 nice12345678
003 IN_TiNIC
005 20260116014954.0
008 050524s1987 newa grp 000 0 eng
020 _a0800752376
_c173.8
082 0 0 _a226.606
_bCOL
100 _aColeman, Robert E
245 _aMaster Plan of Discipleship
260 _aNew York
_bFleming Revelle Co.
_c1987
300 _a156p
500 _aincludes index and biblioraphy
505 2 _aSelected Bibliography
700 1 _aColeman, Robert E
902 _bSRS
942 _cBK
999 _c17779
_d17779